[Event "FRA-ch U18 Girls"]
[Site "Montlucon"]
[Date "2011.04.18"]
[Round "2"]
[White "Harwood, Elisabeth"]
[Black "Lebret, Loriane"]
[Result "1/2-1/2"]
[WhiteElo "1557"]
[BlackElo "1625"]
[PlyCount "67"]
[EventDate "2011.04.17"]
[EventType "swiss"]
[EventRounds "9"]
[EventCountry "FRA"]
[SourceTitle "CBM 142 Extra"]
[Source "ChessBase"]
[SourceDate "2011.06.27"]
[SourceVersion "1"]
[SourceVersionDate "2011.06.27"]
[SourceQuality "1"]

1. c4 e5 2. g3 Nf6 3. Bg2 Bc5 4. Nc3 d6 5. Nf3 Nc6 6. 0-0 0-0 7. e3 Bf5 8. d4 exd4 9. Nxd4 Bxd4 10. exd4 Nb4 11. Be3 Bd3 12. Re1 Bxc4 13. Qa4 Nd3 14. Qxc4 Nxe1 15. Rxe1 c6 16. d5 c5 17. Bf4 a6 18. b3 Qc7 19. Bg5 Nd7 20. Ne4 Rfe8 21. Rd1 Ne5 22. Qc1 b5 23. Bh6 gxh6 24. Qxh6 Nd7 25. Ng5 Nf8 26. Be4 f5 27. Bxf5 Qg7 28. Qxg7+ Kxg7 29. Ne6+ Nxe6 30. Bxe6 Ra7 31. f4 Rc7 32. Rc1 Kf6 33. h4 Ree7 34. Kf2 1/2-1/2

[Event "FRA-ch U16 Girls"]
[Site "Aix les Bains"]
[Date "2009.04.22"]
[Round "5"]
[White "Copin, Oceane"]
[Black "Harwood, Elisabeth"]
[Result "1-0"]
[WhiteElo "1790"]
[BlackElo "1460"]
[PlyCount "93"]
[EventDate "2009.04.19"]
[EventType "swiss"]
[EventRounds "9"]
[EventCountry "FRA"]
[SourceTitle "CBM 130 Extra"]
[Source "ChessBase"]
[SourceDate "2009.07.02"]
[SourceVersion "2"]
[SourceVersionDate "2009.07.15"]
[SourceQuality "1"]

1. d4 d5 2. Nf3 Nf6 3. c4 c6 4. Qc2 e6 5. g3 Nbd7 6. Bg2 Be7 7. 0-0 0-0 8. Rd1 b6 9. b3 Bb7 10. Nc3 Re8 11. e4 dxe4 12. Nxe4 Qc8 13. Bb2 Rd8 14. Nfd2 c5 15. Re1 a6 16. dxc5 Nxe4 17. Nxe4 bxc5 18. Rad1 Rb8 19. Qe2 f6 20. Nd6 Bxd6 21. Qxe6+ Kh8 22. Bxb7 Qxb7 23. Qxd6 h6 24. Re7 Qb6 25. Rxd7 Qxd6 26. R1xd6 Rxd7 27. Rxd7 Re8 28. Kf1 Kh7 29. Bxf6 Rg8 30. Bb2 Kg6 31. Rd6+ Kh7 32. Rxa6 Rf8 33. Ra7 Rg8 34. a4 Kh8 35. Bxg7+ Rxg7 36. Rxg7 Kxg7 37. a5 Kf6 38. a6 Ke5 39. a7 Kd4 40. a8Q Kc3 41. Qc6 Kxb3 42. Qxc5 h5 43. Ke2 h4 44. Kd3 h3 45. Qb5+ Ka3 46. Kc3 Ka2 47. Qb2# 1-0

[Event "FRA-ch U16 Girls"]
[Site "Aix les Bains"]
[Date "2009.04.19"]
[Round "1"]
[White "Harwood, Elisabeth"]
[Black "Alonso, Audrey"]
[Result "0-1"]
[WhiteElo "1460"]
[BlackElo "1774"]
[PlyCount "96"]
[EventDate "2009.04.19"]
[EventType "swiss"]
[EventRounds "9"]
[EventCountry "FRA"]
[SourceTitle "CBM 130 Extra"]
[Source "ChessBase"]
[SourceDate "2009.07.02"]
[SourceVersion "2"]
[SourceVersionDate "2009.07.15"]
[SourceQuality "1"]

1. c4 Nf6 2. g3 e5 3. Bg2 Nc6 4. d3 Bc5 5. Nc3 d6 6. Nf3 h6 7. 0-0 0-0 8. a3 a6 9. b4 Bb6 10. Bb2 Be6 11. e4 Nd4 12. Nxd4 Bxd4 13. h3 Qd7 14. Kh2 Nh7 15. Qh5 c6 16. Rab1 Rad8 17. Ne2 Bxb2 18. Rxb2 f5 19. f4 Nf6 20. Qf3 fxe4 21. dxe4 Bxc4 22. Qc3 Qe6 23. f5 Qf7 24. Rc1 Bb5 25. Bf3 Rfe8 26. Qb3 Qxb3 27. Rxb3 Nxe4 28. Bxe4 Bxe2 29. a4 d5 30. Re3 Bc4 31. g4 d4 32. Rf3 Bd5 33. Bxd5+ Rxd5 34. Kg2 e4 35. Rff1 d3 36. Rcd1 Rd4 37. Rf4 Rxb4 38. Rxd3 Rb2+ 39. Kg3 exd3 40. Rd4 d2 41. Rd7 Re1 42. Rd8+ Kh7 43. a5 d1Q 44. Rxd1 Rxd1 45. f6 gxf6 46. Kh4 Rb3 47. g5 Rd4+ 48. Kh5 Rxh3# 0-1